Trends in policing : (Record no. 15989)

000 -LEADER
fixed length control field 02585nam a2200241 a 4500
001 - CONTROL NUMBER
control field ASIN1439819246
005 - DATE AND TIME OF LATEST TRANSACTION
control field 20170105102929.0
008 - FIXED-LENGTH DATA ELEMENTS--GENERAL INFORMATION
fixed length control field 140114s2010 xxu eng d
020 ## - INTERNATIONAL STANDARD BOOK NUMBER
International Standard Book Number 1439819246 (hardcover)
Terms of availability $135.95
020 ## - INTERNATIONAL STANDARD BOOK NUMBER
International Standard Book Number 9781439819241 (hardcover)
040 ## - CATALOGING SOURCE
Original cataloging agency 0
082 ## - DEWEY DECIMAL CLASSIFICATION NUMBER
Classification number 363.2
Author Mark TRE 2011
245 00 - TITLE STATEMENT
Title Trends in policing :
Remainder of title interviews with police leaders across the globe, volume three /
Statement of responsibility, etc. Otwin Marenin, Dilip K. Das.
260 ## - PUBLICATION, DISTRIBUTION, ETC.
Place of publication, distribution, etc. [S.l.] :
Name of publisher, distributor, etc. CRC Press,
Date of publication, distribution, etc. 2010.
300 ## - PHYSICAL DESCRIPTION
Extent 460 p. ;
Dimensions 24 cm.
490 1# - SERIES STATEMENT
Series statement Interviews with global leaders in policing, courts, and prisons.
520 ## - SUMMARY, ETC.
Summary, etc. Several years ago, the Trends in Policing series unveiled insiders’ accounts of how police leaders perceive the work they do. These volumes feature interviews with practitioners who speak candidly about their concerns and opinions. They present their evaluations of programs and philosophies that worked and those that did not, describe their conceptions of success and failure, and offer the experiences and insights gained from living the police life. Composed of new interviews, Volume Three continues in the tradition of providing a revealing depiction of diverse police perspectives across a range of different cultures. The environments in which the subjects of these interviews operate differ vastly in terms of political life, economic resources, social structures, police-community relations, and transnational interactions. Some work in very large organizations; others, in tiny departments. Some are engaged in high-tech environments and others struggle with outdated equipment. Some must contend with routine political interference as others proceed with minimal influence. And some enjoy popular confidence while others are widely despised. The vast range of experiences profiled demonstrates how context significantly determines how police leaders feel about their work. Sociological studies by academics are plentiful in the policing literature. But police leaders possess an abundance of knowledge that can complement, challenge, and support the more cerebral, scholarly treatments. This thoughtful perspective from the vantage point of individuals in the field enables a balanced understanding of the nuances and dynamics of police culture, elevating the topic to a heightened level of discourse.
700 1# - ADDED ENTRY--PERSONAL NAME
Personal name Marenin, Otwin.
700 1# - ADDED ENTRY--PERSONAL NAME
Personal name Das, Dilip K.
830 #0 - SERIES ADDED ENTRY--UNIFORM TITLE
Uniform title Interviews with global leaders in policing, courts, and prisons.
856 40 - ELECTRONIC LOCATION AND ACCESS
Materials specified Amazon.com
Uniform Resource Identifier <a href="http://www.amazon.com/exec/obidos/ASIN/1439819246/chopaconline-20">http://www.amazon.com/exec/obidos/ASIN/1439819246/chopaconline-20</a>
942 ## - ADDED ENTRY ELEMENTS (KOHA)
Source of classification or shelving scheme
Koha item type Book
Holdings
Withdrawn status Lost status Damaged status Not for loan Collection code Permanent Location Current Location Shelving location Date acquired Total Checkouts Full call number Barcode Date last seen Price effective from Koha item type
          Centre for International Peace & Stability (CIPS) Centre for International Peace & Stability (CIPS) General Stacks 11/21/2013   363.2 TRE 2011 CIPS0002467 01/15/2014 01/15/2014 Book
© 2023 Central Library, National University of Sciences and Technology. All Rights Reserved.